00539nam a2200133Ia 4500008004100000245013600041260002800177260000900205650001800214650001500232856006600247999001900313952007300332170221s9999 xx 000 0 und d aPredicting Social Networking Site Use and Online Communication Practices among Adolescents: The Role of Access and Device Ownership bMedia and Communication c2016 xCommunication xMedia Arts uhttp://www.librelloph.com/mediaandcommunication/issue/current c309166d309166 001040aCLbCLd2017-02-21l0r2017-02-21 00:00:00w2017-02-21yFOJ